Introducción a la sociología (sociedad y cultura)

Bibliographic Details
Main Author: Merrill, Francis E.
Format: Book
Language:Spanish
Subjects:

MARC

LEADER 00000cam a2200000 a 4500
001 78981
005 20231212063158.0
008 000000|1967 ||||||||r|||||||||||spa||
040 |b spa 
041 1 |a spa 
082 0 |a 301 
100 1 |9 44067  |a Merrill, Francis E. 
245 |a Introducción a la sociología (sociedad y cultura)  |c Francis E. Merrill.Traducción Antonio Gobernado.  |h imp 
264 |a Madrid  |b Aguilar  |c 1967 
300 |a xvi; 681 páginas:  |c 21.5 cm 
504 |a incl. ref. 
650 1 0 |a Cultura  |9 146 
650 1 |a Sistemas sociales  |9 23841 
650 1 |a Grupos sociales  |9 4929 
650 1 |a Cambio social  |9 1169 
650 1 |a Estructura social  |9 23217 
650 1 4 |a Sociología  |9 183 
650 1 7 |a Sociedad  |9 6 
852 |a UC-CDJBV  |c ESTANTERIA CERRADA  |f Compra  |k mariana.feican  |l 1  |m General  |p 00000000  |r 2  |t 78981  |b 0  |d CDRC  |e CDRC  |g 301 ESTANTERIA CERRADA  |z 0000-00-00 
942 |c BK 
999 |c 23856  |d 23856